000 00548pam a2200181 a 4500
005 20250901165221.0
008 920915s1993 cau b 001 0 eng
010 _a 92035471
020 _a0534199569
050 0 0 _aHV40 .H53 1993
_b.H53 1993
082 0 0 _a361.3/2
_220
100 1 _aHepworth, Dean H.
245 1 0 _aDirect social work practice :
_btheory and skills /
_cDean H. Hepworth, Jo Ann Larsen.
250 _a4th ed.
260 _aPacific Grove, Calif. :
_bBrooks/Cole,
_cc1993.
300 _axx, 674, 28, 8, 21 p. ;
_c24 cm.
942 _2ddc
999 _c474
_d474